000 01661nam a22002537a 4500
005 20120120115746.0
010 _aB-445512-516
020 _a9788125031963
_c395.00
035 _aB-445512-516
037 _adpl
_bPub
082 _a305.488914041
100 _aWilson, Amrit
_940611
245 _aDreams, questions, struggles :
_bSouth Asian women in Britain /
_cby Amrit Wilson
260 _aHyderabad
_bOrient Longman
_c2006
270 _a3-6-752 Himayatnagar
_bHyderbad
_e500029 (A.P.) India
300 _aix,190p.
_c21cm(pbk)
942 _2ddc
_cEN
_mWIL
_h305.488914041
999 _c61310
_d61310